アイドルマスター 亜美真美のあだ名 - Statistics

General Stats
  • This quiz has been taken 12 times
  • The average score is 29 of 70
Answer Stats
アイドル名 あだ名 備考 % Correct
秋月律子 律っちゃん
100%
四条貴音 お姫ちん
100%
星井美希 ミキミキ
89%
水瀬伊織 いおりん
89%
萩原雪歩 ゆきぴょん
78%
高槻やよい やよいっち
78%
ロコ ロコロコ
78%
天海春香 はるるん
67%
双海亜美 亜美 真美→
67%
双海真美 真美 亜美→
67%
我那覇響 ひびきん
67%
徳川まつり まつり姫
67%
七尾百合子 ゆーり/ゆりゆり
67%
舞浜歩 あゆあゆ 亜美→
67%
馬場このみ このみん
67%
永吉昴 すばるん/昴くん
67%
菊地真 まこちん
56%
春日未来 みらいっち
56%
伊吹翼 バサバサ
56%
島原エレナ えれなん 亜美→
56%
高山紗代子 さよちん
56%
高坂海美 うみみん
56%
北沢志保 しほりん
56%
矢吹可奈 かなりん
56%
白石紬 つむりん
56%
諸星きらり きらりん ポプマス4コマより
56%
大崎甜花 テンテン ポプマス4コマより
56%
如月千早 千早お姉ちゃん
44%
三浦あずさ あずさお姉ちゃん
44%
中谷育 育りん
44%
エミリー なでしこ
44%
舞浜歩 歩ちん 真美→
44%
宮尾美也 みやみや
44%
篠宮可憐 しのみやん
44%
最上静香 静香お姉ちゃん
33%
田中琴葉 琴葉お姉ちゃん
33%
島原エレナ えれなっち 真美→
33%
望月杏奈 もっちー
33%
天空橋朋花 朋花様
33%
横山奈緒 なおやん
33%
大神環 たまきち
33%
福田のり子 ノリー
33%
真壁瑞希 みずきん
33%
北上麗花 麗花お姉ちゃん
33%
ジュリア ぷぅちゃん
33%
音無小鳥 ピヨちゃん
33%
青羽美咲 みさきち
33%
佐竹美奈子 みなりん
22%
所恵美 めぐちん
22%
箱崎星梨花 せりかっち
22%
松田亜利沙 ありさちん
22%
二階堂千鶴 千鶴お姉ちゃん
22%
豊川風花 風花お姉ちゃん
22%
百瀬莉緒 りおっち
22%
周防桃子 ももーん
22%
桜守歌織 歌織お姉ちゃん
22%
天ヶ瀬冬馬 あまとう
22%
伊集院北斗 ほくほく
22%
玲音 レオレオ
22%
野々原茜 茜ちん
11%
木下ひなた ひなぴー
11%
詩花 詩花お姉ちゃん 真美→
11%
亜夜 あやや
11%
大崎甘奈 あまなっち ポプマス4コマより
11%
日高愛 愛ぴょん
0%
水谷絵理 絵理お姉ちゃん
0%
秋月涼 涼お姉ちゃん
0%
詩花 プリンプリン 亜美→
0%
奥空心白 こはっち
0%
兜大吾 だいごっち ポプマス4コマより
0%
No matching quizzes found
Score Distribution
Percent of People with Each Score
Percentile by Number Answered
Your Score History
You have not taken this quiz